LEADER 03475nam 22007095 450 001 9910261119703321 005 20251101110029.0 010 $a1-306-78025-X 024 7 $a10.1524/9783486594409 035 $a(CKB)3230000000000461 035 $a(EBL)1347253 035 $a(OCoLC)879550403 035 $a(SSID)ssj0001293431 035 $a(PQKBManifestationID)11828989 035 $a(PQKBTitleCode)TC0001293431 035 $a(PQKBWorkID)11311130 035 $a(PQKB)10027976 035 $a(MiAaPQ)EBC1347253 035 $a(DE-B1597)219549 035 $a(OCoLC)979815193 035 $a(DE-B1597)9783486594409 035 $a(oapen)https://directory.doabooks.org/handle/20.500.12854/44903 035 $a(oapen)doab44903 035 $a(ODN)ODN0002485872 035 $a(EXLCZ)993230000000000461 100 $a20190615d2009 fg 101 0 $ager 135 $aur|n|---||||| 181 $ctxt 182 $cc 183 $acr 200 00$aDeutsche Unternehmer zwischen Kriegswirtschaft und Wiederaufbau $eStudien zur Erfahrungsbildung von Industrie-Eliten /$fToni Pierenkemper, Paul Erker 205 $a1st ed. 210 $cDe Gruyter$d1999 210 1$aBerlin ;$aBoston :$cOldenbourg Wissenschaftsverlag,$d[2009] 210 4$d©1999 215 $a1 online resource (338 p.) 225 0 $aQuellen und Darstellungen zur Zeitgeschichte ;$v39 300 $aDescription based upon print version of record. 311 08$a3-486-56363-7 311 08$a3-486-59440-0 320 $aIncludes bibliographical references. 327 $tFront Matter --$tEinleitung: Industrie-Eliten im 20. Jahrhundert* --$tHeinrich Nordhoff: Ein deutscher Manager in der Automobilindustrie* --$tHans-Günther Sohl: Funktionale Effizienz und autoritäre Harmonie in der Eisen- und Stahlindustrie --$tHans Constantin Paulssen: Sozialpartnerschaft aus dem Geiste der Kriegskameradschaft* --$tOtto A. Friedrich: Politischer Unternehmer aus der Gummiindustrie und das Amerikanische Modell --$tErnst Heinkel: Die Luftfahrtindustrie im Spannungsfeld von technologischem Wandel und politischem Umbruch --$tHeinrich Kost: Rationalisierung und Sozialbeziehungen im Bergbau --$tBack Matter 330 $aDie Rolle der Unternehmer zwischen NS- und ""Wirtschaftswunder""-Zeit ist ein zentrales Thema der Zeitgeschichte, das bislang wenig erforscht wurde. Der vorliegende Sammelband behandelt diese Problematik anhand von sechs Studien u?ber die Unternehmer Heinrich Nordhoff (VW-Manager), Hans-Gu?nther Sohl (Stahlindustrieller), Hans Constantin Paulssen (Aluminiumunternehmer), Otto A. Friedrich (Gummiunternehmer), Ernst Heinkel (Flugzeugindustrieller) sowie Heinrich Kost (Bergbaumanager). Im Mittelpunkt stehen die Kontinuita?ten und Diskontinuita?ten von Unternehmermentalita?ten im Zeitraum von 1942 bis 1 410 0$aQuellen und Darstellungen zur Zeitgeschichte ;$vBand 39. 606 $aIndustrial management$zGermany 606 $aExecutives$zGermany 606 $aIndustrial policy$zGermany 615 0$aIndustrial management 615 0$aExecutives 615 0$aIndustrial policy 676 $a338.9 686 $aND 7240$2rvk 700 $aErker$b Paul$4auth$0146959 702 $aErker$b Paul 702 $aPierenkemper$b Toni 801 0$bDE-B1597 801 1$bDE-B1597 906 $aBOOK 912 $a9910261119703321 996 $aDeutsche Unternehmer zwischen Kriegswirtschaft und Wiederaufbau$94412421 997 $aUNINA LEADER 05405nam 22008655 450 001 9910484435103321 005 20251226203335.0 010 $a3-642-01715-0 024 7 $a10.1007/978-3-642-01715-5 035 $a(CKB)1000000000746050 035 $a(SSID)ssj0000318570 035 $a(PQKBManifestationID)11222291 035 $a(PQKBTitleCode)TC0000318570 035 $a(PQKBWorkID)10311615 035 $a(PQKB)10945047 035 $a(DE-He213)978-3-642-01715-5 035 $a(MiAaPQ)EBC3064193 035 $a(PPN)136301045 035 $a(EXLCZ)991000000000746050 100 $a20100301d2009 u| 0 101 0 $aeng 135 $aurnn|008mamaa 181 $ctxt 182 $cc 183 $acr 200 10$aKnowledge Acquisition: Approaches, Algorithms and Applications $ePacific Rim Knowledge Acquisition Workshop, PKAW 2008, Hanoi, Vietnam, December 15-16, 2008, Revised Selected Papers /$fedited by Debbie Richards, Byeong-Ho Kang 205 $a1st ed. 2009. 210 1$aBerlin, Heidelberg :$cSpringer Berlin Heidelberg :$cImprint: Springer,$d2009. 215 $a1 online resource (X, 243 p.) 225 1 $aLecture Notes in Artificial Intelligence,$x2945-9141 ;$v5465 300 $aBibliographic Level Mode of Issuance: Monograph 311 08$a3-642-01714-2 320 $aIncludes bibliographical references and index. 327 $aMachine Learning and Data Mining -- Experiments with Adaptive Transfer Rate in Reinforcement Learning -- Clustering over Evolving Data Streams Based on Online Recent-Biased Approximation -- Automatic Database Creation and Object?s Model Learning -- Finding the Most Interesting Association Rules by Aggregating Objective Interestingness Measures -- Pruning Strategies Based on the Upper Bound of Information Gain for Discriminative Subgraph Mining -- A Novel Classification Algorithm Based on Association Rules Mining -- Incremental Knowledge Acquisition -- Multiple Classification Ripple Round Rules: A Preliminary Study -- Generalising Symbolic Knowledge in Online Classification and Prediction -- Web-Based Techniques and Application -- Using Formal Concept Analysis towards Cooperative E-Learning -- Navigation and Annotation with Formal Concept Analysis -- What Does an Information Diffusion Model Tell about Social Network Structure? -- Web Mining for Malaysia?s Political Social Networks Using Artificial Immune System -- Accessing Touristic Knowledge Bases through a Natural Language Interface -- ItemSpider: Social Networking Service That Extracts Personal Character from Individual?s Book Information -- Acquiring Marketing Knowledge from Internet Bulletin Boards -- Domain Specific Knowledge Acquisition Methods and Applications -- A Design for Library Marketing System and Its Possible Applications -- Knowledge Audit on Special Children Communities -- A Dance Synthesis System Using Motion Capture Data -- Discovering Areas of Expertise from Publication Data -- Facial Feature Extraction Using Geometric Feature and Independent Component Analysis. 330 $aThis book constitutes the thoroughly refereed post-workshop proceedings of the 2008 Pacific Rim Knowledge Acquisition Workshop, PKAW 2008, held in Hanoi, Vietnam, in December 2008 as part of 10th Pacific Rim International Conference on Artificial Intelligence, PRICAI 2008. The 20 revised papers presented were carefully reviewed and selected from 57 submissions and went through two rounds of reviewing and improvement. The papers are organized in topical sections on machine learning and data mining, incremental knowledge acquisition, web-based techniques and applications, as well as domain specific knowledge acquisition methods and applications. 410 0$aLecture Notes in Artificial Intelligence,$x2945-9141 ;$v5465 606 $aArtificial intelligence 606 $aData mining 606 $aData structures (Computer science) 606 $aInformation theory 606 $aInformation storage and retrieval systems 606 $aApplication software 606 $aDatabase management 606 $aArtificial Intelligence 606 $aData Mining and Knowledge Discovery 606 $aData Structures and Information Theory 606 $aInformation Storage and Retrieval 606 $aComputer and Information Systems Applications 606 $aDatabase Management 615 0$aArtificial intelligence. 615 0$aData mining. 615 0$aData structures (Computer science) 615 0$aInformation theory. 615 0$aInformation storage and retrieval systems. 615 0$aApplication software. 615 0$aDatabase management. 615 14$aArtificial Intelligence. 615 24$aData Mining and Knowledge Discovery. 615 24$aData Structures and Information Theory. 615 24$aInformation Storage and Retrieval. 615 24$aComputer and Information Systems Applications. 615 24$aDatabase Management. 676 $a006.331 686 $aDAT 703f$2stub 686 $aSS 4800$2rvk 701 $aRichards$b Debbie$01752861 701 $aKang$b Byeong-Ho$01437778 712 12$aPacific Rim Knowledge Acquisition Workshop 801 0$bMiAaPQ 801 1$bMiAaPQ 801 2$bMiAaPQ 906 $aBOOK 912 $a9910484435103321 996 $aKnowledge acquisition : approaches algorithms and applications$94192792 997 $aUNINA